| 000 | 01129nam0a2200301 4500 | ||
|---|---|---|---|
| 001 | RU\NLR\bibl\43740 | ||
| 005 | 20250616081546.0 | ||
| 021 |
_aRU _b99-21887 _91067 |
||
| 035 | _a(NLR Aleph) 000042652 | ||
| 090 |
_a224062 _c224062 |
||
| 100 | _a19990818d1999 |||y0rusy50 ca | ||
| 101 | 0 | _arus | |
| 102 | _aRU | ||
| 105 | _aa ||||||||| | ||
| 200 | 1 |
_aАтлас лимфатической системы нижних конечностей _fS. Kubik |
|
| 210 |
_aМ. _cФармац. группа "Сервье" _d[1999] |
||
| 215 |
_a[1],57 с. _cил., цв. ил. _d29 |
||
| 300 | _aНа 2-й с. авт.: проф. Стефан Кубик | ||
| 320 | _aБиблиогр.: с. 55-56 и в подстроч. прим. | ||
| 606 | 0 |
_aЛимфатическая система нижних конечностей _jАтласы _91556475 _3RU\NLR\auth\66680309 |
|
| 686 | _aЕ863.154.2я6 | ||
| 700 | 1 |
_aКубик _bС. _gСтефан _4070 |
|
| 801 | 0 |
_aRU _bNLR _c19990818 _gPSBO |
|
| 801 | 1 |
_aRU _bNLR _c19990818 |
|
| 852 |
_aNLR _j99-8/1163 |
||
| 942 | _cBOOK | ||
| 980 | _aNB | ||